Normal view
MARC view
Entry Personal Name
001 - CONTROL NUMBER
- control field: 58622
003 - CONTROL NUMBER IDENTIFIER
- control field: dpl
005 - DATE AND TIME OF LATEST TRANSACTION
- control field: 20231114152138.0
008 - FIXED-LENGTH DATA ELEMENTS
- fixed length control field: 231114|| aca||aabn | a|a d
040 ## - CATALOGING SOURCE
- Original cataloging agency: dpl
- Transcribing agency: dpl
100 ## - HEADING--PERSONAL NAME
- Personal name: प्रकाश ,स्वयं
670 ## - SOURCE DATA FOUND
- Source citation: Work cat.: (dpl)199077: प्रकाश ,स्वयं, एक खुबसूरत घर /, 2023
